Loading...
| Literature - British Literature | 0 | 7 | 0 | 0 | 70 | 96 | 115.14 | 1 | 2 |
| Religion | 0 | 6 | 0 | 1 | 60 | 102 | 115.00 | 0 | 1 |
| Literature - European Literature | 0 | 7 | 3 | 0 | 55 | 126 | 139.14 | 0 | 0 |
| Literature - American Literature | 0 | 5 | 0 | 0 | 50 | 105 | 127.20 | 0 | 0 |
| Fine Arts - Other Fine Arts | 0 | 5 | 1 | 0 | 45 | 114 | 131.60 | 0 | 0 |
| Literature - World Literature | 0 | 5 | 2 | 1 | 40 | 110 | 129.40 | 0 | 0 |
| Social Science | 0 | 4 | 1 | 0 | 35 | 82 | 114.25 | 0 | 0 |
| History - Other History | 0 | 3 | 0 | 2 | 30 | 103 | 122.33 | 0 | 0 |
| Fine Arts - Painting & Sculpture | 0 | 4 | 2 | 0 | 30 | 102 | 122.75 | 0 | 0 |
| Other Academic | 0 | 3 | 0 | 2 | 30 | 95 | 119.33 | 0 | 1 |
| Philosophy | 0 | 5 | 4 | 0 | 30 | 99 | 115.20 | 0 | 0 |
| Current Events | 0 | 2 | 0 | 0 | 20 | 65 | 87.50 | 0 | 0 |
| Science - Other Science | 0 | 2 | 0 | 0 | 20 | 103 | 105.50 | 0 | 0 |
| Fine Arts - Classical Music | 0 | 2 | 0 | 0 | 20 | 126 | 136.50 | 0 | 0 |
| History - American History | 0 | 2 | 1 | 1 | 15 | 79 | 107.00 | 0 | 0 |
| Science - Biology | 0 | 1 | 0 | 1 | 10 | 133 | 133.00 | 0 | 0 |
| History - World History | 0 | 2 | 2 | 0 | 10 | 134 | 135.00 | 0 | 0 |
| Geography | 0 | 1 | 1 | 0 | 5 | 122 | 122.00 | 0 | 0 |
| Science - Physics | 0 | 0 | 1 | 0 | -5 | 0.00 | 0 | 0 | |
| Mythology | 0 | 0 | 1 | 0 | -5 | 0.00 | 0 | 0 | |
| History - European History | 0 | 0 | 1 | 0 | -5 | 0.00 | 0 | 0 |